Medicínska etika a bioetika časopis pre medicínsku etiku a bioetiku
| Other Authors: | |
|---|---|
| Format: | Journal |
| Language: | Slovak English Czech |
| PhysicalDescription: | zv. 30 cm |
| Published: |
Bratislava
Charis Publishing House
1994-
|
| ISSN: | 1335-0560 |
| Subjects: | |
| Online Access: | http://www.bioetika.sk/casopis-me-and-b |
MARC
| LEADER | 00000cas a2200000 a 4500 | ||
|---|---|---|---|
| 001 | vtls008881266 | ||
| 003 | SK-MaSNL | ||
| 005 | 20260228162137.0 | ||
| 008 | 160624c19949999xo qr|p 0 0 b0slo | ||
| 022 | |a 1335-0560 | ||
| 035 | |a (SVKBB03)vtls000060638 | ||
| 040 | |a SVKBB |b slo |c SVKBB |d SAVUK |d SNK |e AACR2 | ||
| 041 | 0 | |a slo |a eng |a cze | |
| 044 | |a xo |c SK | ||
| 072 | 7 | |a 614 |x Verejné zdravie a hygiena |2 konspekt | |
| 072 | 7 | |a 60 |x Biotechnológie. Genetické inžinierstvo |2 konspekt | |
| 080 | |a 614.253 |2 2001 | ||
| 080 | |a 608.1 |2 2001 | ||
| 080 | |a (051)-027.561 |2 2001 | ||
| 080 | |a 050 |2 2001 | ||
| 080 | |a 17 |2 2001 | ||
| 080 | |a 614 |2 2001 | ||
| 210 | 0 | |a Med. etika bioet. | |
| 222 | 0 | |a Medicínska etika a bioetika | |
| 245 | 0 | 0 | |a Medicínska etika a bioetika |b časopis pre medicínsku etiku a bioetiku |
| 246 | 1 | 1 | |a Medical ethics and bioethics |b journal for medical ethics and bioethics |
| 247 | 0 | 1 | |a Medicínska etika a bioetika |b časopis Ústavu medicínskej etiky a bioetiky |f 1994-1998 |
| 260 | |a Bratislava |b Charis Publishing House |c 1994- | ||
| 300 | |a zv. |c 30 cm | ||
| 310 | |a 4x ročne |b 1995- | ||
| 321 | |a 6x ročne |b 1994 | ||
| 362 | 0 | |a Roč. 1 (1994)- | |
| 500 | |a Vedúci red.: 1994-2010, J. Glasa | ||
| 500 | |a Reg. č.: MK SR 964/94 | ||
| 500 | |a 1994- vydáva Charis Publishing House, Bratislava pre Ústav medicínskej etiky a bioetiky, Bratislava | ||
| 504 | |a Bibliogr. | ||
| 515 | |a Niektoré čísla vychádzajú ako dvojčíslo | ||
| 546 | |a Čiast. text aj angl., čes. | ||
| 650 | 0 | 7 | |a lekárska etika |2 SNKPH |9 794 |
| 650 | 0 | 7 | |a bioetika |2 SNKPH |9 16939 |
| 650 | 0 | 7 | |a Medical ethics |2 SNKPHeng |9 270455 |
| 650 | 0 | 7 | |a Bioethics |2 SNKPHeng |9 265832 |
| 650 | 0 | 7 | |a etika |2 SNKPH |9 792 |
| 650 | 0 | 7 | |a Ethics |2 SNKPHeng |2 SNKPH |9 265831 |
| 650 | 0 | 7 | |a verejné zdravotníctvo |2 SNKPH |9 1270 |
| 650 | 0 | 7 | |a Public health |2 SNKPHeng |9 270456 |
| 655 | 7 | |a odborné časopisy |2 SNKPH |9 70505 | |
| 655 | 7 | |a Professional journals |2 SNKPHeng |9 265007 | |
| 700 | 1 | |a Glasa, Jozef, |d 1960- |4 edt |9 217722 | |
| 710 | 2 | |a Ústav medicínskej etiky a bioetiky (Bratislava, Slovensko) |4 pbl |9 174615 | |
| 852 | |a Štátna vedecká knižnica v Banskej Bystrici | ||
| 856 | 4 | |u http://www.bioetika.sk/casopis-me-and-b | |
| 910 | |a savuk | ||
| 910 | |a snk | ||
| 916 | |a 1994-2010 | ||
| 999 | |c 6932 |d 8862 | ||
| 952 | |0 0 |1 0 |4 0 |7 0 |a SNK |b SNK |d 2000-05-10 |i snkČSP 3181/1999 |l 0 |o snkČSB 4948/1/1994 D1 |p 17A0235110 |r 2005-01-02 00:00:00 |t č. 1-6 |w 2026-02-21 |y PREZ | ||
| 952 | |0 0 |1 0 |4 0 |7 0 |a SNK |b SNK |d 2000-10-05 |f 1 |l 0 |o snkČSB 4948/1/1994 |p 17A0254063 |r 2005-01-02 00:00:00 |t č. 1-6 |w 2026-02-21 |y PREZ | ||
| 952 | |0 0 |1 0 |4 0 |7 0 |a SNK |b SNK |d 2004-06-16 |i snkČSP 1166/2003 |l 0 |o snkČSB 4948/6/1999 D1 |p 17A0433236 |r 2005-01-02 00:00:00 |t č. 1-4 |w 2026-02-21 |y PREZ | ||
| 952 | |0 0 |1 0 |4 0 |7 0 |a SNK |b SNK |d 2014-10-09 |f 1 |i snkČSP 3174/99 |l 0 |o snkČSB 4948/4/1997 |p 17A0899826 |r 2026-02-21 19:44:39 |t č. 1-4 |w 2026-02-21 |y PREZ | ||
| 952 | |0 0 |1 0 |4 0 |7 0 |a SNK |b SNK |d 2006-06-15 |f 1 |i snkČSP 1165/2003 |l 0 |o snkČSB 4948/6/1999 |p 17A0512693 |r 2026-02-21 20:03:38 |t č. 1-4 |w 2026-02-21 |y PREZ | ||
| 952 | |0 0 |1 0 |4 0 |7 0 |a SNK |b SNK |d 2000-11-07 |f 1 |l 0 |o snkČSB 4948/3/1996 |p 17A0257538 |r 2005-01-02 00:00:00 |t č. 1-4 |w 2026-02-21 |y PREZ | ||
| 952 | |0 0 |1 0 |4 0 |7 0 |a SNK |b SNK |d 2001-01-25 |l 0 |o snkČSB 4948/3/1996 D1 |p 17A0267145 |r 2005-01-02 00:00:00 |t č. 1-4 |w 2026-02-21 |y PREZ | ||
| 952 | |0 0 |1 0 |4 0 |7 0 |a SNK |b SNK |d 2000-08-24 |f 1 |l 0 |o snkČSB 4948/2/1995 |p 17A0248369 |r 2005-01-02 00:00:00 |t č. 1-4 |w 2026-02-21 |y PREZ | ||
| 952 | |0 0 |1 0 |4 0 |7 0 |a SNK |b SNK |d 2000-08-30 |l 0 |o snkČSB 4948/2/1995 D1 |p 17A0250631 |r 2005-01-02 00:00:00 |t č. 1-4 |w 2026-02-21 |y PREZ | ||
| 952 | |0 0 |1 0 |4 0 |7 0 |a SNK |b SNK |d 2001-10-19 |f 1 |l 0 |o snkČSB 4948/5/1998 |p 17A0319094 |r 2005-01-02 00:00:00 |t č. 1-4 |w 2026-02-21 |y PREZ | ||
| 952 | |0 0 |1 0 |4 0 |7 0 |a SNK |b SNK |d 2003-03-17 |l 0 |o snkČSB 4948/5/1998 D1 |p 17A0379042 |r 2005-01-02 00:00:00 |t č. 1-4 |w 2026-02-21 |y PREZ | ||
| 952 | |0 0 |1 0 |4 0 |7 0 |a SNK |b SNK |d 2003-03-17 |l 0 |o snkČSB 4948/4/1997 D1 |p 17A0379040 |r 2005-01-02 00:00:00 |t č. 1-4 |w 2026-02-21 |y PREZ | ||
| 952 | |0 0 |1 0 |4 0 |7 0 |8 0 |a SNK |b SNK |d 2013-09-09 |f 1 |i snk2013/20761 |l 0 |o snkČSB 4948/7/2000 |p 17A0751225 |r 2026-02-21 21:24:23 |t č. 1-4 |w 2026-02-21 |y PREZ | ||
| 952 | |0 0 |1 0 |4 0 |7 0 |8 0 |a SNK |b SNK |d 2013-09-09 |i snk2013/20763 |l 0 |o snkČSB 4948/7/2000 D1 |p 17A0751226 |r 2026-02-21 21:24:23 |t č. 1-4 |w 2026-02-21 |y PREZ | ||
| 952 | |0 0 |1 0 |4 0 |7 0 |8 0 |a SNK |b SNK |d 2013-09-09 |f 1 |i snk2013/20767 |l 0 |o snkČSB 4948/8/2001 |p 17A0751227 |r 2026-02-21 21:24:23 |t č. 1-4 |w 2026-02-21 |y PREZ | ||
| 952 | |0 0 |1 0 |4 0 |7 0 |8 0 |a SNK |b SNK |d 2013-09-09 |f 1 |i snk2013/20770 |l 0 |o snkČSB 4948/9/2002 |p 17A0751229 |r 2026-02-21 21:24:29 |t č. 1-4 |w 2026-02-21 |y PREZ | ||
| 952 | |0 0 |1 0 |4 0 |7 0 |8 0 |a SNK |b SNK |d 2013-09-09 |i snk2013/20769 |l 0 |o snkČSB 4948/8/2001 D1 |p 17A0751228 |r 2026-02-21 21:24:29 |t č. 1-4 |w 2026-02-21 |y PREZ | ||
| 952 | |0 0 |1 0 |4 0 |7 0 |8 0 |a SNK |b SNK |d 2013-09-09 |i snk2013/20772 |l 0 |o snkČSB 4948/9/2002 D1 |p 17A0751230 |r 2026-02-21 21:24:29 |t č. 1-4 |w 2026-02-21 |y PREZ |z Chýba č. 3,4 | ||
| 952 | |0 0 |1 0 |4 0 |7 0 |8 0 |a SNK |b SNK |d 2013-09-09 |f 1 |i snk2013/20773 |l 0 |o snkČSB 4948/10/2003 |p 17A0751231 |r 2026-02-21 21:24:29 |t č. 1-4 |w 2026-02-21 |y PREZ | ||
| 952 | |0 0 |1 0 |4 0 |7 0 |8 0 |a SNK |b SNK |d 2013-09-09 |f 1 |i snk2013/20787 |l 0 |o snkČSB 4948/11/2004 |p 17A0751232 |r 2026-02-21 21:24:29 |t č. 1-4 |w 2026-02-21 |y PREZ | ||
| 952 | |0 0 |1 0 |4 0 |7 0 |8 0 |a SNK |b SNK |d 2013-09-09 |f 1 |i snk2013/20789 |l 0 |o snkČSB 4948/12/2005 |p 17A0751233 |r 2026-02-21 21:24:29 |t č. 1-4 |w 2026-02-21 |y PREZ | ||
| 952 | |0 0 |1 0 |4 0 |7 0 |8 0 |a SNK |b SNK |d 2013-09-09 |i snk2013/20793 |l 0 |o snkČSB 4948/12/2005 D1 |p 17A0751234 |r 2026-02-21 21:24:29 |t č. 1-4 |w 2026-02-21 |y PREZ | ||
| 952 | |0 0 |1 0 |4 0 |7 0 |8 0 |a SNK |b SNK |d 2013-09-09 |f 1 |i snk2013/20802 |l 0 |o snkČSB 4948/13/2006 |p 17A0751235 |r 2026-02-21 21:24:29 |t č. 1-4 |w 2026-02-21 |y PREZ | ||
| 952 | |0 0 |1 0 |4 0 |7 0 |8 0 |a SNK |b SNK |d 2013-09-09 |i snk2013/20804 |l 0 |o snkČSB 4948/13/2006 D1 |p 17A0751236 |r 2026-02-21 21:24:29 |t č. 1-4 |w 2026-02-21 |y PREZ | ||
| 952 | |0 0 |1 0 |4 0 |7 0 |8 0 |a SNK |b SNK |d 2013-09-09 |f 1 |i snk2013/20806 |l 0 |o snkČSB 4948/14/2007 |p 17A0751237 |r 2026-02-21 21:24:29 |t č. 1-4 |w 2026-02-21 |y PREZ | ||
| 952 | |0 0 |1 0 |4 0 |7 0 |8 0 |a SNK |b SNK |d 2013-09-09 |i snk2013/20808 |l 0 |o snkČSB 4948/14/2007 D1 |p 17A0751238 |r 2026-02-21 21:24:29 |t č. 1-4 |w 2026-02-21 |y PREZ | ||
| 952 | |0 0 |1 0 |4 0 |7 0 |8 0 |a SNK |b SNK |d 2013-09-09 |f 1 |i snk2013/20814 |l 0 |o snkČSB 4948/16/2009 |p 17A0751239 |r 2026-02-21 21:24:29 |t č. 1-4 |w 2026-02-21 |y PREZ | ||
| 952 | |0 0 |1 0 |4 0 |7 0 |8 0 |a SNK |b SNK |d 2013-09-09 |i snk2013/20815 |l 0 |o snkČSB 4948/16/2009 D1 |p 17A0751240 |r 2026-02-21 21:24:30 |t č. 1-4 |w 2026-02-21 |y PREZ | ||
| 952 | |0 0 |1 0 |4 0 |7 0 |8 0 |a SNK |b SNK |d 2013-09-09 |f 1 |i snk2013/20816 |l 0 |o snkČSB 4948/17/2010 |p 17A0751241 |r 2026-02-21 21:24:30 |t č. 3-4, neúplné |w 2026-02-21 |y PREZ |z chýba č. 1-2 | ||
| 952 | |0 0 |1 0 |4 0 |7 0 |8 0 |a SNK |b SNK |d 2013-09-09 |i snk2013/20817 |l 0 |o snkČSB 4948/17/2010 D1 |p 17A0751242 |r 2026-02-21 21:24:30 |t č. 3-4, neúplné |w 2026-02-21 |y PREZ |z chýba č. 1-2 | ||
| 952 | |0 0 |1 0 |4 0 |7 0 |8 0 |a SNK |b SNK |d 2016-10-14 |i snk2016/24085 |l 0 |o snkČSB 4948/18/2011 |p 17A1203163 |r 2026-02-21 22:10:23 |t č. 1-4, neúplné |w 2026-02-21 |y PREZ |z Chýba č. 3-4 | ||
| 952 | |0 0 |1 0 |4 0 |7 0 |8 0 |a SNK |b SNK |d 2016-10-14 |i snk2016/24087 |l 0 |o snkČSB 4948/10/2003 D1 |p 17A1203164 |r 2026-02-21 22:10:23 |t č. 1-4 |w 2026-02-21 |y PREZ | ||
| 952 | |0 0 |1 0 |4 0 |7 0 |8 0 |a SNK |b SNK |d 2016-10-14 |i snk2016/24088 |l 0 |o snkČSB 4948/11/2004 D1 |p 17A1203165 |r 2026-02-21 22:10:23 |t č. 1-4, neúplné |w 2026-02-21 |y PREZ |z Chýba č. 3-4 | ||
| 952 | |0 0 |1 0 |4 0 |7 0 |8 0 |a SNK |b SNK |d 2019-06-21 |i snk2019/17005 |l 0 |o snkČSB 4948/18/2011 D1 |p 17A1366803 |r 2026-02-21 22:14:58 |t č. 1-4, neúplné |w 2026-02-21 |y PREZ |z Chýba č. 3-4 | ||


